00193nam a2200073Ia 4500008004100000100002000041245004200061260001600103170523s9999 xx 000 0 und d aGerez- Sabih H. 0aAlgorithms for VLSI Design Automation aWiley India